Statistics for 吉林省地图 Jilin Map Quiz

Click here to take the quiz!

General Stats

  • This quiz has been taken 1 197 times
  • The average score is 7 of 9

Answers on the Map

Answers color-coded by a green-red scale on the quiz's map according to % correct below.
 

Answer Stats

区划% Correct
长春市
99%
吉林市
97%
延边朝鲜族自治州
89%
四平市
81%
白山市
76%
白城市
75%
松原市
68%
辽源市
66%
通化市
66%

Score Distribution

Percentile by Number Answered

Percent of People with Each Score

Your Score History

You have not taken this quiz